Rapid needs assessment survey: (Record no. 4721)

MARC details
000 -LEADER
fixed length control field 00572nam a2200169 4500
008 - FIXED-LENGTH DATA ELEMENTS--GENERAL INFORMATION
fixed length control field 240203b |||||||| |||| 00| 0 eng d
082 ## - DEWEY DECIMAL CLASSIFICATION NUMBER
Classification number 372.917
Item number RAP
942 ## - ADDED ENTRY ELEMENTS (KOHA)
Item Type Reports
710 ## - ADDED ENTRY--CORPORATE NAME
Corporate Author National Institute of Education
710 ## - ADDED ENTRY--CORPORATE NAME
Corporate Author United Nations Children's fund
245 ## - TITLE STATEMENT
Title Rapid needs assessment survey:
Sub Title education of children in conflict areas of Sri Lanka
260 ## - PUBLICATION, DISTRIBUTION, ETC. (IMPRINT)
Place of Publication Colombo:
Name of Publisher [ National Institute of Education]
Date of Copyright 2003
300 ## - PHYSICAL DESCRIPTION
Extent 208 p.
650 ## - SUBJECT ADDED ENTRY--TOPICAL TERM
Topical Term CHILD EDUCATION-Sri Lanka
650 ## - SUBJECT ADDED ENTRY--TOPICAL TERM
Topical Term Barriers in education-Sri Lanka
650 ## - SUBJECT ADDED ENTRY--TOPICAL TERM
Topical Term Ethnic conflict-Sri Lanka
Holdings
Withdrawn status Lost status Source of classification or shelving scheme Damaged status Not for loan Permanent location Current location Date acquired Total Checkouts Full call number Barcode Date last seen Price effective from Koha item type
    Dewey Decimal Classification     Resource center, Muslim Women's Research And Action Forum Resource center, Muslim Women's Research And Action Forum 2024-02-03   372.917 RAP RAF4930 2024-02-03 2024-02-03 Reports

Copyright © 2023 Muslim Women's Research and Action Forum (MWRAF), No 27/3, Anderson Road, Kalubowila, Dehiwela. Funded by The Asia Fundation